00666nam a2200229 a 4500001001300000003000900013005001700022008004100039020001000080082001700090100001400107245004100121260004000162300000900202500003500211505002600246700001400272902000800286942000700294952011800301999001700419nice12345678IN_TiNIC20260116014249.0050524s1972 newa grp 000 0 eng  ac25000a297.909bBEG aBegg, W D aBig Five Sufis of India and Pakistan aNew DelhibMillat Book Centrec1972 a367p aincludes index and biblioraphy2 aSelected Bibliography1 aBegg, W D bSRS cBK 001040708StackRoom-aHMIbHMId2005-05-24g250.00l0o297.909 BEGp021228r2005-05-24v250.00w2005-05-24yBK c14575d14575